Harrap's standard French and English dictionary (Record no. 45380)

MARC details
000 -LEADER
fixed length control field 00550nam a2200157 a 4500
008 - FIXED-LENGTH DATA ELEMENTS--GENERAL INFORMATION
fixed length control field 120416s0000 ||||||||||||||||| || u
020 ## - INTERNATIONAL STANDARD BOOK NUMBER
International Standard Book Number 0245576614
050 ## - LIBRARY OF CONGRESS CALL NUMBER
Classification number REF PC 2640 Har
100 ## - MAIN ENTRY--PERSONAL NAME
Personal name Mansion, J. E
245 10 - TITLE STATEMENT
Title Harrap's standard French and English dictionary
Statement of responsibility, etc. edited by J. E. Mansion
250 ## - EDITION STATEMENT
Edition statement Rev. ed
260 ## - PUBLICATION, DISTRIBUTION, ETC.
Place of publication, distribution, etc. London
Name of publisher, distributor, etc. George G. Harrap
Date of publication, distribution, etc. 1940
300 ## - PHYSICAL DESCRIPTION
Extent xii, 1488, (51)p.
350 ## - PRICE (NR) (BK AM CF MU VM SE) [OBSOLETE]
Price 0.00
995 ## - RECOMMENDATION 995 [LOCAL, UNIMARC FRANCE]
-- 0.00
-- CBU-MAIN LIBRARY (Kitwe)
-- 1
-- 7.00
-- 1
-- REFERENCE
-- Reference Collection
Holdings
Withdrawn status Lost status Source of classification or shelving scheme Damaged status Not for loan Home library Current library Shelving location Date acquired Total Checkouts Full call number Barcode Date last seen Price effective from Koha item type
          CBU-MAIN LIBRARY, KITWE. CBU-MAIN LIBRARY, KITWE.   11/30/2022   REF PC 2640 Har 022836 11/30/2022 11/30/2022 MONOGRAPH